[Event "Mephisto Cup (40/120')"]
[Site "?"]
[Date "2014.??.??"]
[Round "7"]
[White "Saitek Sparc, Renaissance"]
[Black "Mephisto ARM2, RISC 1.2."]
[Result "1/2-1/2"]
[WhiteElo "2246"]
[BlackElo "2263"]
[Annotator "xchessg"]
[PlyCount "165"]
[SourceDate "2009.11.09"]

{Stufe f3} 1. e4 c5 2. Nf3 Nc6 3. d4 cxd4 4. Nxd4 e5 5. Nb5 a6 6. Nd6+ Bxd6 7.
Qxd6 Qf6 8. Qc7 Nge7 9. Nc3 Nb4 10. Bd3 d5 11. O-O d4 {[%eval -21,0]
*Grossbuch;} 12. Na4 Qc6 13. Qxc6+ Nexc6 14. Nb6 Rb8 15. f4 Nxd3 16. cxd3 Bg4 {
[%eval 33,0]} 17. fxe5 {[%eval 0,0] *Buch;} Be2 18. Bf4 {a tempo} Bxf1 19. Rxf1
Ke7 {a tempo} 20. e6 {[%eval -1,0]} fxe6 {[%eval 35,0] a tempo;} 21. Bxb8 Rxb8
{a tempo} 22. Rc1 Rf8 23. b3 {a tempo} g5 24. Rc5 {a tempo} h6 25. Rc2 {[%eval
-9,0]} Ne5 {[%eval 51,0]} 26. Rc7+ {[%eval -13,0]} Kd6 {a tempo} 27. Rxb7 Kc6 {
a tempo} 28. Re7 Rf6 29. Nc4 Nxd3 30. Ra7 {[%eval -6,0]} Nc1 {[%eval 39,0]} 31.
Rxa6+ Kb5 {a tempo} 32. Ra5+ Kb4 33. Ra4+ {a tempo} Kc3 34. g3 Nxa2 35. e5 {
[%eval -21,0] a tempo;} Rg6 {[%eval 113,0]} 36. Nd6 Nb4 37. Nb5+ {a tempo} Kxb3
38. Ra3+ Kc4 39. Nd6+ Kd5 40. Ra5+ Kc6 {[%eval 90,0] a tempo;} 41. Ra4 Nd3 {a
tempo} 42. Rxd4 {[%eval -69,0]} Nxe5 43. Rd1 Rg7 44. Ne4 Nc4 45. Rc1 {[%eval
-60,0]} Kd5 {[%eval 71,0]} 46. Nf6+ Kd4 47. Rd1+ {a tempo} Kc3 48. Re1 e5 49.
Ng4 Kd2 50. Re4 {-0:46} Kd3 {[%eval 70,0] a tempo;} 51. Nf2+ Kc3 52. Ng4 {a
tempo} Nd2 53. Re3+ Kd4 54. Ra3 Nc4 55. Nxh6 {[%eval -45,0]} Rb7 {[%eval 80,0]}
56. Nf5+ Ke4 57. Rc3 {a tempo} Rb1+ 58. Kg2 Rb2+ {a tempo} 59. Kh3 Kxf5 {a
tempo} 60. Rxc4 Rb3 {[%eval 46,0]} 61. Kg2 {[%eval -7,0]} e4 62. Rc5+ Kf6 63.
Rc6+ Ke5 64. Rc5+ {a tempo} Kd4 65. Rxg5 {0:64} Rb2+ {[%eval 16,0] a tempo;}
66. Kh3 e3 67. Rg8 {[%emt 0:00:00]} e2 {[%eval 167,0]} 68. Re8 {[%eval -217,0]
a tempo;} Kd3 69. Kg4 {a tempo} Rb8 70. Rxb8 {[%eval -88,0]} e1=Q 71. Rd8+ {a
tempo} Kc4 72. Rd6 {a tempo} Qe8 73. Rd2 Qe4+ 74. Kh3 Qe6+ 75. Kg2 Qc6+ {a
tempo} 76. Kg1 Qh6 {a tempo} 77. Rf2 Qh3 78. Rd2 {a tempo} Kc3 79. Rd1 Kb4 80.
Rd4+ Kc5 {[%eval 258,0] a tempo;} 81. Rh4 {[%eval -97,0]} Qe6 82. Rf4 Qe2 {a
tempo} 83. h4 1/2-1/2

[Event "Mephisto Cup (40/120')"]
[Site "?"]
[Date "2014.??.??"]
[Round "8"]
[White "Mephisto ARM2, RISC 1.2."]
[Black "Saitek Sparc, Renaissance"]
[Result "1-0"]
[WhiteElo "2263"]
[BlackElo "2246"]
[Annotator "xchessg"]
[PlyCount "101"]
[SourceDate "2009.11.09"]

1. e4 e5 {Stufe f3} 2. Nf3 Nc6 3. Bc4 Bc5 4. d3 Nf6 5. c3 d6 6. b4 Bb6 7. a4 a6
8. a5 {[%eval 16,0] *Grossbuch;} Ba7 {[%emt 0:00:00] *Buch;} 9. O-O {a tempo}
O-O 10. Bg5 {a tempo} Ne7 {a tempo, bib} 11. Bxf6 gxf6 12. d4 d5 {*Buch} 13.
exd5 exd4 {a tempo} 14. Nxd4 Nxd5 15. Qf3 {[%eval 45,0]} Nxc3 {[%emt 0:00:59]}
16. Nf5 {[%eval 100,0]} Bxf5 17. Qxf5 {a tempo} Qd4 18. Bd3 {[%eval 256,0]}
Ne2+ {[%eval 164,0]} 19. Bxe2 {a tempo} Qe5 20. Bd3 Qxf5 21. Bxf5 Rfe8 22. Ra3
Re5 23. g4 h5 24. Rg3 hxg4 25. Bxg4 Kf8 26. Rh3 Rae8 27. Rh8+ Ke7 28. Rxe8+
Kxe8 29. Nd2 Kf8 30. Bf3 Rg5+ 31. Bg2 Rb5 32. Rc1 c6 33. Rc4 Rf5 34. Bf3 Bb8
35. h4 Bd6 36. Be2 Be7 37. Rg4 Re5 38. Kf1 f5 39. Rd4 Bf6 40. Nb3 Be7 41. Bc4
Bxb4 42. Bxa6 {[%eval 317,0] a tempo;} Re1+ {1:70} 43. Kg2 c5 44. Rxb4 cxb4 45.
Bxb7 Re2 46. Kg3 Ra2 47. f3 {a tempo} Ra3 48. Bd5 Kg7 49. Kf4 Kf6 50. Ke3 {
[%eval 283,0]} Ra2 {[%emt 0:02:36]} 51. Kd3 1-0

[Event "Mephisto Cup (40/120')"]
[Site "?"]
[Date "2014.??.??"]
[Round "9"]
[White "Saitek Sparc, Renaissance"]
[Black "Mephisto ARM2, RISC 1.2."]
[Result "1-0"]
[WhiteElo "2246"]
[BlackElo "2263"]
[Annotator "xchessg"]
[PlyCount "162"]
[SourceDate "2009.11.09"]

1. d4 d5 2. c4 c6 3. Nc3 e5 4. cxd5 cxd5 5. Nf3 e4 6. Ne5 f6 7. Qa4+ Nd7 8.
Nxd7 Bxd7 {[%eval -12,0] *Grossbuch;} 9. Qb3 Bc6 10. Bf4 Bd6 11. Bxd6 {*Buch;
0:83} Qxd6 {a tempo} 12. e3 Ne7 {a tempo} 13. Be2 Rc8 14. O-O Qe6 15. Nb5 {
[%emt 0:00:59]} a6 {[%eval -22,0] a tempo;} 16. Na7 Rc7 {a tempo} 17. Rfc1 O-O
18. Nxc6 Rxc6 {a tempo} 19. Rc5 Rxc5 {[%eval 0,0]} 20. dxc5 {a tempo; 0:71} Rb8
{[%eval -11,0]} 21. Rd1 f5 22. a3 Qf6 23. f4 Qc6 24. Qc3 b6 {a tempo} 25. Bxa6
{0:63} bxc5 {[%eval 2,0]} 26. Qe5 Re8 27. Be2 {a tempo} Qb7 28. Qe6+ {a tempo}
Kh8 29. Bh5 {a tempo} Rd8 30. Qe5 {[%emt 0:00:29] a tempo;} d4 {[%eval 19,0]}
31. Qxc5 {a tempo} Rd5 32. Qc1 {a tempo} dxe3 33. Rxd5 {a tempo} Nxd5 34. Qc5
Qa8 {a tempo} 35. g3 {[%emt 0:01:13]} Qd8 {[%eval -17,0] a tempo;} 36. Be2 h5
37. Bxh5 {[%emt 0:02:28]} Nf6 {[%eval -44,0]} 38. Be2 {a tempo} Qd2 39. Qb5 Nd5
40. b4 {1:80} Nc7 {[%eval 19,0]} 41. Qc4 {[%emt 0:00:54]} Ne6 {[%eval 0,0]} 42.
Kf1 Nd4 {[%eval 135,0]} 43. b5 {-0:62} Kh7 {[%eval 212,0]} 44. b6 {[%eval -148,
0] a tempo;} Nf3 45. Kg2 {a tempo} Qe1 46. Kh3 Ng1+ $2 {[%eval 340,0]} (46...
Qg1 $17) 47. Kh4 {-0:24} Qd2 {[%eval 120,0]} 48. Qe6 {[%emt 0:00:00] a tempo;}
Qd8+ $6 {[%eval 120,0]} (48... Qxe2 49. Qxf5+ g6 $11) 49. Kh5 {0:73} Qf8 {
[%eval 91,0] a tempo;} 50. Bg4 $1 {[%eval 107,0]} fxg4 {[%eval 76,0]} 51. Qxe4+
Kh8 {a tempo} 52. b7 e2 {[%eval 0,0]} 53. Kxg4 Qd8 {a tempo} 54. h4 {[%eval 81,
0]} Qd7+ 55. f5 Qb5 {a tempo} 56. a4 Qxb7 57. Qxb7 e1=Q 58. Qc8+ Kh7 59. Qc2
Qe3 60. Qg2 {[%emt 0:00:00]} Qd4+ {[%eval 99,0]} 61. Kh5 {a tempo} Qd1+ 62. Kg5
{a tempo} Nf3+ 63. Kf4 Nd4 64. f6 gxf6 65. Qe4+ Kh6 66. Ke3 Nc2+ 67. Kf2 Qd2+
68. Kg1 Ne3 69. Qf3 f5 70. Qc6+ {[%eval -38,0]} Kg7 {[%eval 174,0]} 71. Qc7+ {
a tempo} Kf8 72. Qb8+ Ke7 73. Qc7+ Kf6 74. Qc6+ Kf7 75. Qb7+ {a tempo; -0:86}
Ke6 {[%eval 46,0]} 76. Qc6+ {a tempo} Ke5 77. Qe8+ {a tempo} Kd4 (77... Kf6)
78. Qd7+ {a tempo} Kc3 $4 {[%eval 0,0]} (78... Nd5 $11) 79. Qxd2+ {0:82} Kxd2 {
[%eval -379,0]} 80. h5 {0:84} f4 81. gxf4 {6:81} Ng4 {"Ich gebe auf"} 1-0

[Event "Mephisto Cup (40/120')"]
[Site "?"]
[Date "2014.??.??"]
[Round "10"]
[White "Mephisto ARM2, RISC 1.2."]
[Black "Saitek Sparc, Renaissance"]
[Result "1-0"]
[WhiteElo "2263"]
[BlackElo "2246"]
[Annotator "xchessg"]
[PlyCount "116"]
[SourceDate "2009.11.09"]

1. e4 e6 {Stufe f3} 2. d4 d5 3. Nd2 Nf6 4. e5 Nfd7 5. Bd3 c5 6. c3 Nc6 7. Ne2
cxd4 8. cxd4 f6 9. exf6 Nxf6 10. Nf3 Qc7 11. Bd2 {[%eval 21,0] *Grossbuch;} Ne4
{[%emt 0:00:36] *Buch;} 12. Bxe4 dxe4 13. Ng5 Qb6 14. Bc3 Be7 15. Nxe4 O-O {a
tempo; 0:80} 16. O-O {[%eval 87,0]} Qb5 17. a4 Qd5 18. f3 b6 19. Qd2 Ba6 20.
Rfd1 {[%eval 58,0]} Na5 {[%emt 0:00:53]} 21. Nf4 Qf5 {a tempo} 22. Bxa5 bxa5 {
a tempo} 23. Nd3 Bxd3 {a tempo} 24. Qxd3 {a tempo} Rab8 25. Rd2 {[%eval 97,0]
a tempo;} Qd5 26. Rc1 Rfc8 27. Rcc2 Kh8 {a tempo} 28. f4 Rf8 29. g3 Rb3 30. Rc3
{[%eval 101,0]} Rb4 31. Rc7 {a tempo} Bd8 {[%emt 0:00:46]} 32. Rc5 Qa2 33. Rc8
Kg8 34. Nc5 Qd5 {a tempo} 35. Qe2 {[%eval 118,0]} Kf7 {[%emt 0:01:07]} 36. Qe5
Rc4 37. Re2 Qxe5 38. fxe5 {a tempo} Ke7 39. Rd2 Bb6 {a tempo} 40. Rxf8 {[%eval
218,0]} Kxf8 {1:95} 41. Nxe6+ Kf7 {a tempo} 42. Ng5+ Ke7 43. Nf3 Rxa4 44. Kg2
Rc4 45. d5 Kd7 {a tempo} 46. Re2 Rc8 {a tempo} 47. Ng5 h6 48. Nf7 {a tempo} Ke7
49. e6 {[%eval 307,0]} Bc5 {[%emt 0:02:17]} 50. Rc2 Rc7 51. Kf3 Bd6 52. Rxc7+
Bxc7 53. Ke4 h5 54. b3 g6 55. Ne5 Kf6 56. Nc6 a6 57. Kd4 Bb6+ 58. Kc4 {[%eval
435,0]} Bg1 {[%emt 0:08:05] a tempo;} 1-0

[Event "Mephisto Cup (40/120')"]
[Site "?"]
[Date "2013.??.??"]
[Round "1"]
[White "Mephisto ARM6, Montreux"]
[Black "Saitek Sparc, Renaissance"]
[Result "0-1"]
[WhiteElo "2250"]
[BlackElo "2246"]
[Annotator "xchessg"]
[PlyCount "45"]
[SourceDate "2009.11.09"]

{Aktiv} 1. c4 c6 {Stufe e7} 2. d4 d5 3. Nf3 e6 4. e3 Bd6 5. c5 {[%emt 0:00:25]
*Randombook;} Bc7 6. Bd3 Nh6 {[%eval 29,0] *Buch;} 7. Nc3 O-O 8. O-O {a tempo}
b6 9. Qc2 Nf5 $6 {a tempo} (9... f5) 10. e4 {60} dxe4 {[%eval 15,0]} 11. Bxe4 {
a tempo} Ba6 12. Rd1 Qe7 13. g4 Nh4 14. Ne5 bxc5 15. Be3 {-28} f5 $1 {[%eval
-115,0]} 16. Bh1 {-236} f4 17. Bc1 cxd4 18. Nxc6 Nxc6 19. Bxc6 dxc3 20. Bxa8
Rxa8 {a tempo} 21. bxc3 {-355} Nf3+ 22. Kg2 Qh4 23. Bxf4 {-927} 0-1

[Event "Mephisto Cup (40/120')"]
[Site "?"]
[Date "2013.??.??"]
[Round "2"]
[White "Saitek Sparc, Renaissance"]
[Black "Mephisto ARM6, Montreux"]
[Result "1-0"]
[WhiteElo "2246"]
[BlackElo "2250"]
[Annotator "xchessg"]
[PlyCount "108"]
[SourceDate "2009.11.09"]

{Stufe e7} 1. d4 d5 {Aktiv} 2. Nf3 c5 3. c4 e6 4. cxd5 exd5 5. Nc3 Nc6 6. g3
Nf6 7. Bg2 Be7 8. O-O O-O 9. dxc5 Bxc5 10. Bg5 d4 11. Bxf6 Qxf6 12. Nd5 Qd8 13.
Nd2 Re8 14. Rc1 Bb6 15. Nxb6 {[%eval 13,0] *Buch;} axb6 {[%emt 0:00:26]
*Randombook;} 16. a3 Bg4 17. Bf3 Bxf3 18. Nxf3 Ra5 19. Qd2 Rc5 20. b4 Rd5 {
[%emt 0:00:02] a tempo;} 21. Rfd1 Qe7 22. Qd3 Red8 23. Rd2 Qe6 24. Rdc2 R5d7
25. b5 {[%eval 64,0]} Ne5 {-21} 26. Nxe5 {a tempo} Qxe5 27. Rc8 Qe7 28. a4 g6
29. Kg2 f5 30. Kg1 {[%eval 69,0]} Rxc8 {-15} 31. Rxc8+ Kg7 32. Qc4 {a tempo}
Kf6 33. Qc2 Qd6 34. Qb2 Qe5 35. h4 {[%eval 52,0]} Kg7 {-26} 36. Qb4 Qf6 37. Qb3
Qe7 38. Qc4 Qe5 39. Qg8+ Kh6 40. Qf8+ {[%eval 44,0]} Qg7 {-22} 41. Qb4 Qe5 42.
Qd2+ Kg7 {a tempo} 43. h5 $16 Qe4 44. h6+ Kf7 {a tempo} 45. Rh8 Qb1+ 46. Kg2
Kf6 {a tempo} 47. Rf8+ Ke6 {a tempo} 48. f3 Qb3 49. Qg5 {a tempo} Qxa4 50. Qf6+
{[%eval 78,0]} Kd5 {[%emt 0:00:11] a tempo;} 51. Re8 $1 {0.58; +- Fritz} Kc5 {
-54} 52. Rc8+ Kb4 {[%eval -377,0]} 53. Qe6 {[%eval 413,0] a tempo;} Qxb5 54.
Rc2 Rd5 {-474} 1-0

[Event "Mephisto Cup (40/120')"]
[Site "?"]
[Date "2013.??.??"]
[Round "3"]
[White "Mephisto ARM6, Montreux"]
[Black "Saitek Sparc, Renaissance"]
[Result "1-0"]
[WhiteElo "2250"]
[BlackElo "2246"]
[Annotator "xchessg"]
[PlyCount "46"]
[SourceDate "2009.11.09"]

{Aktiv} 1. e4 c6 {Stufe e7} 2. d4 d5 3. Nc3 g6 4. Nf3 {[%emt 0:00:54]
*Randombook;} Bg7 5. Bd3 dxe4 {[%eval 19,0] *Buch,} 6. Nxe4 Bxd4 7. Nxd4 Qxd4
8. Bd2 f6 9. Bc3 Qb6 10. Qe2 {124} Kf8 {[%eval 81,0]} 11. O-O-O Na6 12. Bc4 Qc7
13. Bxa6 bxa6 14. Qc4 {a tempo} Kg7 15. Rhe1 {a tempo; 113} Rb8 {[%eval 67,0]}
16. Ng5 Nh6 17. Re6 {a tempo} Rb6 18. Rde1 Ng8 {[%eval 471,0]} 19. Rxe7+ {
[%emt 0:00:09] Matt in} Nxe7 20. Qf7+ Kh6 21. Qxf6 Rb5 {[%eval 9974,0]} 22.
Nf7+ Kh5 23. h3 Qf4+ 1-0

[Event "Mephisto Cup (40/120')"]
[Site "?"]
[Date "2013.??.??"]
[Round "4"]
[White "Saitek Sparc, Renaissance"]
[Black "Mephisto ARM6, Montreux"]
[Result "1/2-1/2"]
[WhiteElo "2246"]
[BlackElo "2250"]
[Annotator "xchessg"]
[PlyCount "59"]
[SourceDate "2009.11.09"]

{Stufe e7} 1. c4 Nc6 {Aktiv} 2. Nf3 {[%eval 1,0] *Buch;} e5 3. Nc3 {bib} Nf6 4.
e3 Bb4 5. Qb3 d6 6. d4 {[%eval -20,0] *Buch;} O-O {[%emt 0:00:07] *Randombook;}
7. dxe5 Ne4 8. Qc2 f5 9. exd6 Qxd6 10. Be2 {[%eval 36,0]} Bxc3+ {-23} 11. bxc3
Be6 12. Nd4 Rae8 13. O-O Ne5 14. Nxe6 Qxe6 15. Ba3 {[%eval 91,0] a tempo;} Rf7
{-12} 16. c5 {a tempo} Nc4 17. Bb4 f4 18. exf4 Rxf4 19. Rfe1 a5 20. Qa4 {
[%eval 58,0]} Ref8 {[%emt 0:00:00]} 21. Bxc4 Qxc4 22. Qxa5 {a tempo} Rxf2 23.
c6 Nd6 24. cxb7 Rxg2+ {[%emt 0:00:00] a tempo;} 25. Kxg2 {[%eval 0,0]} Qg4+ 26.
Kh1 {a tempo} Qf3+ 27. Kg1 {a tempo} Qg4+ 28. Kh1 Qf3+ 29. Kg1 Qg4+ 30. Kh1
1/2-1/2

[Event "Mephisto Cup (40/120')"]
[Site "?"]
[Date "2013.??.??"]
[Round "5"]
[White "Mephisto ARM6, Montreux"]
[Black "Saitek Sparc, Renaissance"]
[Result "1-0"]
[WhiteElo "2250"]
[BlackElo "2246"]
[Annotator "xchessg"]
[PlyCount "92"]
[SourceDate "2009.11.09"]

{Aktiv} 1. c4 c5 {Stufe e7} 2. Nc3 Nc6 3. Nf3 Nf6 4. d4 cxd4 5. Nxd4 e6 6. a3
Nxd4 {[%eval 4,0] *Buch;} 7. Qxd4 {*Randombook; -07} b6 8. Qf4 Bb7 9. e4 Rg8
10. e5 {70} Nh5 {[%eval 16,0]} 11. Qg4 g6 12. Be3 f6 13. exf6 Nxf6 14. Qh3 Rc8
{a tempo} 15. Bd3 {68} Rg7 {[%eval 46,0]} 16. O-O Rf7 17. Rfe1 Nh5 {a tempo}
18. Nb5 a6 19. Nc3 {a tempo} Qf6 20. Nd5 {80} Qxb2 {[%eval 28,0]} 21. Nxb6 {a
tempo} Rc6 22. Nd5 Bd6 23. Rab1 Qxa3 24. Bd4 Qa5 25. Bc3 {270} Nf4 {[%eval 201,
0]} 26. Bxa5 Nxh3+ {a tempo} 27. gxh3 Bc8 28. Bc3 Kf8 {a tempo} 29. Ne3 Bf4 30.
Rbd1 {269} Bg5 {[%eval 189,0]} 31. Be5 Bf4 32. Ng4 Ke7 {a tempo} 33. Re4 g5 {
a tempo} 34. Bxf4 Rxf4 {a tempo} 35. Rxf4 gxf4 {[%eval 190,0]} 36. Rc1 Rc5 37.
Bxh7 Rh5 38. Be4 Rxh3 39. c5 Rh5 {a tempo} 40. Kg2 a5 41. Kf3 e5 42. Bd5 Kd8
43. h4 a4 44. Re1 Kc7 45. Rxe5 {a tempo; 346} Rxh4 46. Nf6 {a tempo} Ba6 {
[%eval 305,0]} 1-0

[Event "Mephisto Cup (40/120')"]
[Site "?"]
[Date "2013.??.??"]
[Round "6"]
[White "Saitek Sparc, Renaissance"]
[Black "Mephisto ARM6, Montreux"]
[Result "1/2-1/2"]
[WhiteElo "2246"]
[BlackElo "2250"]
[Annotator "xchessg"]
[PlyCount "142"]
[SourceDate "2009.11.09"]

{Stufe f3} 1. e4 e5 {Aktiv} 2. Nf3 f5 3. Nxe5 Qf6 4. d4 d6 5. Nc4 fxe4 6. Be2
Qd8 7. O-O {[%eval 73,0] *Buch;} Nf6 8. Nba3 d5 {-05} 9. Ne5 Bxa3 {a tempo} 10.
bxa3 {a tempo} O-O 11. Rb1 Qd6 12. c4 Nc6 {a tempo} 13. c5 Qe6 14. Nxc6 Qxc6
15. Bf4 Nh5 16. Bxc7 {a tempo} Qxc7 17. Bxh5 Be6 18. Bg4 Bxg4 {a tempo} 19.
Qxg4 {a tempo} Rae8 20. Rb2 {[%eval 89,0]} Rf6 {-36} 21. Rfb1 b6 22. Qh5 {a
tempo} Rd8 23. Qg5 Rh6 24. h3 Rc6 25. cxb6 {[%eval 91,0]} axb6 {-23} 26. a4 h6
27. Qe5 Rc1+ 28. Kh2 Qxe5+ 29. dxe5 {a tempo} Rxb1 30. Rxb1 {[%eval 69,0] a
tempo;} d4 {[%emt 0:00:06]} 31. Kg3 d3 32. Kf4 Rd4 33. a3 Kf7 34. Ke3 {a tempo}
Rxa4 35. Rxb6 {[%eval 123,0] a tempo;} Ke7 {-48} 36. Rd6 h5 37. h4 Kf7 38. g3 {
a tempo} Ke7 39. f3 {a tempo} exf3 40. Rxd3 {[%eval 133,0]} Ke6 {-58} 41. Kxf3
Kxe5 42. Ke2 g6 43. Kd2 Ke4 44. Kc2 Ra5 45. Rb3 Ra6 46. Kc3 Ra8 47. Kb2 Ra6 {
a tempo} 48. Rb5 Ke3 {a tempo} 49. Rd5 Ke4 50. Rg5 {[%eval 133,0] a tempo;} Kd3
{-81} 51. Kb3 Rb6+ 52. Ka4 Kc4 53. Ka5 Rd6 54. g4 hxg4 55. Rxg4+ Kc5 56. a4 Kc6
57. Rb4 Kc7 58. Rf4 Kb7 59. Rf7+ Kc6 60. Re7 {[%eval 130,0]} Rf6 {-96} 61. Rh7
Re6 62. Rg7 Rf6 63. Re7 Rd6 64. Rf7 Re6 65. Rf3 {[%eval 115,0] a tempo;} Kb7 {
-77} 66. Rb3+ {a tempo} Ka7 67. Rb5 Ra6+ 68. Kb4 Rf6 69. Rg5 Rf4+ 70. Kb5 {
[%eval 101,0]} Rxh4 71. Rxg6 {[%eval 56,0]} Rh5+ {-40} 1/2-1/2

[Event "Mephisto Cup (40/120')"]
[Site "?"]
[Date "2014.??.??"]
[Round "7"]
[White "Mephisto ARM6, Montreux"]
[Black "Saitek Sparc, Renaissance"]
[Result "1-0"]
[WhiteElo "2250"]
[BlackElo "2246"]
[Annotator "xchessg"]
[PlyCount "43"]
[SourceDate "2009.11.09"]

{Aktiv} 1. e4 c5 {Stufe f3} 2. Nf3 d6 3. d4 cxd4 4. Nxd4 Nf6 5. Nc3 a6 6. h3 e6
7. g4 Nc6 8. g5 Nd7 9. Be3 Be7 10. Be2 {[%emt 0:00:27] *Randombook;} Na5 $5 {
[%eval 36,0] *Buch;} 11. Qd2 Nb6 {a tempo} 12. b3 O-O (12... Bd7 13. O-O-O Rc8)
13. O-O-O Bd7 14. Kb2 f6 $6 (14... Rc8 15. a3 (15. f4 d5) 15... Qc7 $36) 15. h4
{[%emt 0:00:57]} fxg5 $2 {[%eval -18,0]} 16. hxg5 Qc7 17. f4 e5 $2 18. Nf3 $18
exf4 19. Bxb6 {765} Qxb6 {[%eval 373,0] a tempo;} 20. Qd5+ Rf7 21. Rxh7 Qb4 22.
Rdh1 1-0

[Event "Mephisto Cup (40/120')"]
[Site "?"]
[Date "2014.??.??"]
[Round "8"]
[White "Saitek Sparc, Renaissance"]
[Black "Mephisto ARM6, Montreux"]
[Result "0-1"]
[WhiteElo "2246"]
[BlackElo "2250"]
[Annotator "xchessg"]
[PlyCount "55"]
[SourceDate "2009.11.09"]

{Stufe f3} 1. d4 Nf6 {Aktiv} 2. c4 c6 3. Nc3 d5 {*Randombook; -31} 4. cxd5 cxd5
5. Nf3 Nc6 {bib} 6. Bf4 a6 7. Ne5 e6 8. e3 Nxe5 9. Bxe5 Be7 10. Bd3 {[%eval 41,
0] *Buch;} Qb6 {*Randombook; -54} 11. Qc2 Ng4 12. Bf4 Bd7 13. a4 Bd6 14. h3
Bxf4 15. hxg4 {[%eval 23,0] a tempo;} Bg5 {[%emt 0:00:02]} 16. f4 Be7 17. Rxh7
{a tempo} Rxh7 18. Bxh7 {a tempo} g6 19. g5 Kf8 20. g3 {[%eval -18,0]} Rc8 {a
tempo; 68} 21. a5 Qb4 22. Qd2 {a tempo} Bd8 23. Kf2 {a tempo} Bxa5 24. Kf3 {a
tempo} b6 25. Qe2 {[%eval -133,0]} Qc4 {166} 26. Qxc4 Rxc4 27. Na2 {a tempo}
Ra4 28. g4 {[%eval -318,0]} 0-1

[Event "Mephisto Cup (40/120')"]
[Site "?"]
[Date "2014.??.??"]
[Round "9"]
[White "Mephisto ARM6, Montreux"]
[Black "Saitek Sparc, Renaissance"]
[Result "1/2-1/2"]
[WhiteElo "2250"]
[BlackElo "2246"]
[Annotator "xchessg"]
[PlyCount "98"]
[SourceDate "2009.11.09"]

{Aktiv} 1. c4 e5 {Stufe f3} 2. Nc3 Nf6 3. e3 Bb4 4. d4 {*Randombook; -07} exd4
{[%eval -34,0] *Buch;} 5. exd4 O-O 6. Nge2 Re8 7. Be3 d5 8. a3 {a tempo} Bxc3+
9. Nxc3 Nc6 10. Be2 {-48} dxc4 {[%eval -83,0]} 11. O-O {a tempo} Be6 12. Bf3
Nd5 13. Bxd5 Bxd5 14. Qh5 Ne7 15. Rfe1 {a tempo; -87} c6 {[%eval -106,0]} 16.
Rac1 g6 17. Qg5 Nf5 {a tempo} 18. Qxd8 Rexd8 19. Bg5 {a tempo} Re8 20. Bf6 {-61
} Rxe1+ {[%eval -88,0]} 21. Rxe1 Nd6 22. Be5 Re8 23. Kf1 Nc8 24. f3 Re6 25. Bb8
Rxe1+ 26. Kxe1 Kf8 27. Kd2 Ke7 28. Ke3 {a tempo} f6 29. g4 Be6 30. Ne4 {-69} b6
{[%eval -103,0]} 31. h4 f5 {a tempo} 32. gxf5 Bxf5 33. a4 a5 34. Be5 Be6 {a
tempo} 35. Kf4 {-62} h6 {[%eval -136,0]} 36. Bg7 h5 {a tempo} 37. Ke5 Bd5 38.
Bf6+ Kd7 {a tempo} 39. Bg5 Ne7 {a tempo} 40. Nf6+ {-27} Kc8 {[%eval -92,0]} 41.
f4 {a tempo} Bf3 42. Nxh5 {a tempo} c3 43. bxc3 {[%emt 0:00:46]} Nd5 {a tempo}
44. c4 {a tempo} gxh5 45. cxd5 {76} Kd7 {[%eval 20,0]} 46. dxc6+ Bxc6 47. f5
Bxa4 48. f6 Ke8 49. d5 Bc2 {[%eval -2,0]} 1/2-1/2

[Event "Mephisto Cup (40/120')"]
[Site "?"]
[Date "2014.??.??"]
[Round "10"]
[White "Saitek Sparc, Renaissance"]
[Black "Mephisto ARM6, Montreux"]
[Result "1-0"]
[WhiteElo "2246"]
[BlackElo "2250"]
[Annotator "xchessg"]
[PlyCount "68"]
[SourceDate "2009.11.09"]

{Stufe f3} 1. d4 Nf6 {Aktiv} 2. c4 e6 3. Nc3 c5 4. d5 exd5 5. cxd5 d6 6. e4 g6
7. f4 Bg7 8. Nf3 O-O 9. Be2 Re8 10. O-O Nxe4 {[%emt 0:00:51] *Randombook;} 11.
Nxe4 Rxe4 12. Bd3 Re8 13. f5 Bxf5 14. Bxf5 gxf5 15. Bg5 Qb6 {125} 16. Rb1 {
[%eval -159,0] *Buch;} c4+ 17. Kh1 Nd7 18. Nh4 f4 19. Nf5 Re5 20. Qg4 {[%eval
133,0] a tempo;} h5 {-63} 21. Qxf4 f6 {a tempo} 22. Nxg7 Rxg5 23. Ne6 Rg6 24.
Qxc4 Ne5 {a tempo} 25. Qh4 {[%eval 194,0]} Rc8 {-142} 26. Nf4 Rh6 27. Nxh5 {a
tempo} Qc5 28. Nxf6+ Kg7 {-313} 29. Nh5+ Kh8 30. Qf4 Rxh5 31. Rbc1 {a tempo}
Kh7 32. Rxc5 Rxc5 33. Qf8 Rc7 34. Qxd6 Rg7 {a tempo; -604} 1-0

[Event "Mephisto Cup (40/120')"]
[Site "?"]
[Date "2010.??.??"]
[Round "1"]
[White "Saitek SH7034, Magellan"]
[Black "Mephisto ARM2, RISC 2.0."]
[Result "1/2-1/2"]
[WhiteElo "2229"]
[BlackElo "2241"]
[Annotator "xchessg"]
[PlyCount "46"]
[SourceDate "2009.11.09"]

1. e4 c5 2. Nf3 Nc6 3. d4 cxd4 4. Nxd4 e5 5. Nb5 a6 6. Nd6+ Bxd6 7. Qxd6 Qf6 8.
Qd1 Qg6 9. Nc3 d5 10. Nxd5 {*Turnierbuch} Qxe4+ 11. Be3 Nd4 12. Nc7+ Ke7 13.
Nxa8 Nxc2+ 14. Kd2 Nxe3 15. fxe3 Nf6 16. Qb3 Rd8+ 17. Ke1 Ng4 18. Qa3+ Kf6 {
[%eval -180,0] * Turnierbuch; eval} 19. Qc5 {a tempo, eval -0.3} Nxe3 20. Qb6+
Ke7 21. Qc5+ Kf6 22. Qb6+ Ke7 23. Qc5+ Kf6 1/2-1/2

[Event "Mephisto Cup (40/120')"]
[Site "?"]
[Date "2011.??.??"]
[Round "2"]
[White "Mephisto ARM2, RISC 2.0."]
[Black "Saitek SH7034, Magellan"]
[Result "1-0"]
[WhiteElo "2241"]
[BlackElo "2229"]
[Annotator "xchessg"]
[PlyCount "91"]
[SourceDate "2009.11.09"]

1. e4 c6 2. d4 d5 3. Nc3 dxe4 4. Nxe4 Bf5 5. Ng3 Bg6 6. h4 h6 7. h5 Bh7 8. Nf3
Nd7 9. Bd3 Bxd3 10. Qxd3 Qc7 11. Bd2 Ngf6 12. O-O-O {[%eval 34,0] *Turnierbuch;
} e6 13. Rde1 O-O-O {*Turnierbuch; -0.6} 14. Qe2 Rg8 15. c4 {[%eval 20,0]} Bd6
{-0.3} 16. Ne5 Rgf8 17. Bc3 c5 18. dxc5 Bxe5 19. Bxe5 Nxe5 20. Qxe5 {[%eval 4,
0]} Qxe5 {-0.5} 21. Rxe5 Rd4 22. b3 Rfd8 23. Ree1 Rd2 24. Re2 Rxe2 25. Nxe2 {
[%eval 5,0]} Ne4 {+0.0} 26. f3 Nf2 27. Rh4 e5 28. Kc2 b6 29. cxb6 axb6 30. Nc3
{[%eval 96,0]} Kb7 {+1.1} 31. Nd5 b5 32. Ne3 Ra8 33. Kb1 bxc4 34. Rxc4 Rd8 35.
Nf5 {[%eval 177,0]} Rd2 {+1.8} 36. Rc2 Rd1+ 37. Kb2 Nd3+ 38. Ka3 f6 39. Nxg7
Ne1 40. Re2 Nd3 41. g4 Rf1 42. Nf5 Rxf3 43. Nxh6 Rf4 44. Rd2 Nf2 45. Nf7 {
[%eval 297,0]} Nxg4 {+3.0} 46. h6 1-0